000 00998cab a2200289 4500
001 ABS51230
008 090401t1994 xxu||||| |||| 00| 0 eng d
035 _a(Sirsi) u16029
041 _aeng
100 _aRiley, M.
245 _aProperty lending survey 1994
260 _c1994
350 _a0
490 _aJournal of Property Finance
_v5(1) 1994, 51-57(7)
520 _aDescribes a survey carried out by Chesterton Financial in conjunction with the University of Greenwich in December 1993/January 1994, in which 85 banks and financial institutions responded to a written questionnaire.
650 _aBANK LENDING
650 _aCHESTERTON FINANCIAL
650 _aFINANCIAL INSTITUTIONS
650 _aPROPERTY DEVELOPMENT
650 _aPROPERTY INVESTMENT
650 _aPROPERTY LENDING
650 _aUNIVERSITY OF GREENWICH
690 _aPROPERTY-COMMERCIAL PROPERTY-COMMERCIAL PROPERTY FINANCE AND INVESTMENT
700 _aIsaac, D.
942 _n0
948 _c04/03/1997
999 _c10541
_d10541